Política pedagógica / (Record no. 180813)

MARC details
000 -LEADER
campo de control de longitud fija 00746nab a2200217 i 4500
001 - NÚMERO DE CONTROL
campo de control 180813
003 - IDENTIFICADOR DE NÚMERO DE CONTROL
campo de control ES-MaACL
005 - FECHA Y HORA DE LA ÚLTIMA TRANSACCIÓN
campo de control 20240527163614.0
008 - DATOS DE LONGITUD FIJA--INFORMACIÓN GENERAL
campo de control de longitud fija 120717s1913 sp 000 s spa d
100 1# - ENTRADA PRINCIPAL--NOMBRE DE PERSONA
Nombre de persona Comorera, Juan.
9 (RLIN) 226942
245 10 - MENCIÓN DEL TÍTULO
Título Política pedagógica /
Mención de responsabilidad, etc. por Juan Comorera.
300 ## - DESCRIPCIÓN FÍSICA
Extensión P. 21-40 ;
Dimensiones 23 cm.
594 ## - Nota al título y mención de responsabilidad
Nota al título y mención de responsabilidad Precede al tít.: Conferencias del Ateneo de Madrid.
599 ## - NOTA A LAS ILUSTRACIONES
NOTA A LAS ILUSTRACIONES Retrato del autor en port.
610 24 - PUNTO DE ACCESO ADICIONAL DE MATERIA--NOMBRE DE ENTIDAD CORPORATIVA
Nombre de entidad corporativa o nombre de jurisdicción como elemento de entrada Ateneo de Madrid-
Subdivisión de forma Conferencias-
Subdivisión cronológica 1900-1939
9 (RLIN) 1907
650 #4 - PUNTO DE ACCESO ADICIONAL DE MATERIA--TÉRMINO DE MATERIA
Término de materia o nombre geográfico como elemento de entrada Política educativa
9 (RLIN) 16294
650 #7 - PUNTO DE ACCESO ADICIONAL DE MATERIA--TÉRMINO DE MATERIA
Término de materia o nombre geográfico como elemento de entrada Enseñanza-
Subdivisión geográfica España-
Subdivisión cronológica S.XX
Fuente del encabezamiento o término
9 (RLIN) 139558
773 0# - ASIENTO DE ITEM FUENTE
Título La Palabra : revista taquigráfica,
Lugar, editor y fecha de publicación Madrid. --
Parte(s) relacionada(s) N. 12 (15 de junio de 1913), p. 21-40
942 ## - ELEMENTOS DE ENTRADA SECUNDARIOS (KOHA)
Tipo de ítem Koha Capítulo de libro

No items available.